Every Teammate of Kevin Durant Quiz - Statistics

General Stats
  • This quiz has been taken 17 times
    16 since last reset
  • The average score is 34 of 167
Answer Stats
Hint Answer % Correct
300 James Harden
100%
141 David West
93%
35 Delonte West
93%
212 Draymond Green
93%
387 Jeff Green
93%
587 Russell Westbrook
93%
19 Seth Curry
93%
199 Stephen Curry
93%
79 Amen Thompson
87%
208 Andre Iguodala
87%
229 Klay Thompson
87%
143 Kyrie Irving
80%
524 Serge Ibaka
80%
263 Steven Adams
60%
113 DeAndre Jordan
53%
142 JaVale McGee
53%
273 Kendrick Perkins
53%
72 Alperen Sengun
47%
30 DeMarcus Cousins
47%
77 Jabari Smith Jr.
47%
36 Joe Smith
47%
229 Shaun Livingston
47%
13 Adrian Griffin
40%
82 Blake Griffin
40%
75 Clint Capela
40%
37 Dorian Finney-Smith
40%
30 Ish Smith
40%
152 Joe Harris
40%
199 Kevon Looney
40%
645 Nick Collison
40%
139 Zaza Pachulia
40%
11 Andrew Bogut
33%
49 Damian Jones
33%
32 Damion Lee
33%
52 LaMarcus Aldridge
33%
13 Mike James
33%
143 Perry Jones
33%
82 Reed Sheppard
33%
100 Daequan Cook
27%
77 Ian Clark
27%
9 Jeremiah Martin
27%
94 Johan Petro
27%
77 Kevin Martin
27%
94 Nicolas Claxton
27%
107 Quinn Cook
27%
60 Tari Eason
27%
4 Tyler Cook
27%
57 Aaron Holiday
20%
72 Alfonzo McKinnie
20%
24 Andre Drummond
20%
125 Derek Fisher
20%
108 Enes Freedom
20%
89 Hasheem Thabeet
20%
82 Jarrett Allen
20%
125 Jordan Bell
20%
78 Josh Okogie
20%
20 Matt Barnes
20%
80 Nick Young
20%
128 Patrick McCaw
20%
81 Patty Mills
20%
18 Alize Johnson
13%
180 Andre Roberson
13%
142 Anthony Morrow
13%
137 Bruce Brown
13%
57 Cameron Payne
13%
57 Caris LeVert
13%
22 Caron Butler
13%
1 Chris Boucher
13%
117 Damien Wilkins
13%
48 DeAndre' Bembry
13%
125 Dion Waiters
13%
42 D.J. White
13%
146 Earl Watson
13%
183 Eric Maynor
13%
46 Jae'Sean Tate
13%
62 James Johnson
13%
52 James Michael McAdoo
13%
148 Jeremy Lamb
13%
20 Malik Rose
13%
52 Mitch McGary
13%
24 Paul Millsap
13%
245 Reggie Jackson
13%
3 Reggie Williams
13%
34 Robert Swift
13%
368 Thabo Sefolosha
13%
47 Tyler Johnson
13%
1 Antonio Anderson
7%
26 Byron Mullens
7%
67 Cam Thomas
7%
99 Chris Wilcox
7%
19 Chucky Atkins
7%
44 Cole Aldrich
7%
13 Daniel Orton
7%
32 Day'Ron Sharpe
7%
39 DeAndre Liggins
7%
39 Desmond Mason
7%
62 D.J. Augustin
7%
5 Donta Hall
7%
1 Eddie Gill
7%
23 Etan Thomas
7%
62 Garrett Temple
7%
5 Grant Jerrett
7%
30 Jacob Evans
7%
28 J.D. Davison
7%
46 Jevon Carter
7%
73 Jonas Jerebko
7%
5 Josh Huestis
7%
10 Justin Anderson
7%
25 Kevin Ollie
7%
42 Kurt Thomas
7%
94 Kyle Singler
7%
68 Kyle Weaver
7%
29 Lance Thomas
7%
61 Landry Shamet
7%
26 Lazar Hayward
7%
61 Luke Ridnour
7%
11 Marcus Derrickson
7%
39 Mickael Gelabale
7%
7 Mike Wilks
7%
18 Mouhamed Sene
7%
3 Mustafa Shakur
7%
4 Nate Robinson
7%
92 Nazr Mohammed
7%
169 Nenad Krstic
7%
27 Randy Foye
7%
14 Ronnie Brewer
7%
61 Royal Ivey
7%
1 Ryan Bowen
7%
5 Ryan Gomes
7%
5 Ryan Reid
7%
16 Sebastian Telfair
7%
93 Spencer Dinwiddie
7%
1 Steven Hill
7%
20 Steve Novak
7%
50 Wally Szczerbiak
7%
14 Anderson Varejao
0%
7 Briante Weber
0%
40 Chris Chiozza
0%
22 David Duke Jr.
0%
20 David Nwaba
0%
15 Donyell Marshall
0%
40 Dzanan Musa
0%
22 Francisco Elson
0%
16 Goran Dragic
0%
5 Henry Ellenson
0%
15 Iman Shumpert
0%
2 Ira Newble
0%
14 Isaiah Crawford
0%
1 Jamal Crawford
0%
2 James Ennis III
0%
48 Kessler Edwards
0%
4 Langston Galloway
0%
4 Morris Peterson
0%
4 Noah Vonleh
0%
3 Norvel Pelle
0%
53 Omri Casspi
0%
1 RaiQuan Gray
0%
26 Reggie Perry
0%
52 Rodions Kurucs
0%
4 Ronald Dupree
0%
2 Shaquille Harrison
0%
76 Taurean Prince
0%
33 Theo Pinson
0%
105 Timothe Luwawu-Cabarrot
0%
1 Tristen Newton
0%
1 Wenyen Gabriel
0%
35 Wilson Chandler
0%
No matching quizzes found
Score Distribution
Percent of People with Each Score
Percentile by Number Answered
Your Score History
You have not taken this quiz since the last reset